000 00919nam a2200229Ia 4500
003 Ost
005 20260507075504.0
008 260507s9999||||xx |||||||||||||| ||und||
020 _a9961007670
040 _cfsecg
041 _aara
082 _a310
100 _aحليمي، عبد القادر
_eمؤلف
245 0 _aمدخل إلى الإحصاء /
_c عبد القادر حليمي
250 _aطبعة 5
260 _aالجزائر:
_bديوان المطبوعات الجامعية,
_c2004
300 _a388 صفحة؛
_bإيضاحات ؛
_c24 سم
504 _aببليوغرافيا:ص ص.357-358 الجداول:ص ص.359-375
520 _aالمناهج الإحصائية وبياناتها وتبويبها،التحليلات الإحصائية،تعديل البيانات وارتباطاتها
653 _aالإحصاء - المعاملات الإرتباطية
942 _cكتاب
999 _c44707
_d44707